<?xml version="1.0" encoding="UTF-8"?><?xml-stylesheet type="text/xsl" href="static/style.xsl"?><OAI-PMH xmlns="http://www.openarchives.org/OAI/2.0/" xmlns:xsi="http://www.w3.org/2001/XMLSchema-instance" xsi:schemaLocation="http://www.openarchives.org/OAI/2.0/ http://www.openarchives.org/OAI/2.0/OAI-PMH.xsd"><responseDate>2026-04-13T04:04:13Z</responseDate><request verb="GetRecord" identifier="oai:www.recercat.cat:2445/174590" metadataPrefix="marc">https://recercat.cat/oai/request</request><GetRecord><record><header><identifier>oai:recercat.cat:2445/174590</identifier><datestamp>2025-12-05T12:29:30Z</datestamp><setSpec>com_2072_1057</setSpec><setSpec>col_2072_478916</setSpec><setSpec>col_2072_478917</setSpec></header><metadata><record xmlns="http://www.loc.gov/MARC21/slim" xmlns:dcterms="http://purl.org/dc/terms/" xmlns:xsi="http://www.w3.org/2001/XMLSchema-instance" xmlns:doc="http://www.lyncode.com/xoai" xsi:schemaLocation="http://www.loc.gov/MARC21/slim http://www.loc.gov/standards/marcxml/schema/MARC21slim.xsd">
   <leader>00925njm 22002777a 4500</leader>
   <datafield ind2=" " ind1=" " tag="042">
      <subfield code="a">dc</subfield>
   </datafield>
   <datafield ind2=" " ind1=" " tag="720">
      <subfield code="a">Brotons, Maria</subfield>
      <subfield code="e">author</subfield>
   </datafield>
   <datafield ind2=" " ind1=" " tag="720">
      <subfield code="a">Monfil, Laura</subfield>
      <subfield code="e">author</subfield>
   </datafield>
   <datafield ind2=" " ind1=" " tag="720">
      <subfield code="a">Roura Fornells, Esther</subfield>
      <subfield code="e">author</subfield>
   </datafield>
   <datafield ind2=" " ind1=" " tag="720">
      <subfield code="a">Duarte Salles, Talita</subfield>
      <subfield code="e">author</subfield>
   </datafield>
   <datafield ind2=" " ind1=" " tag="720">
      <subfield code="a">Casabona, Jordi</subfield>
      <subfield code="e">author</subfield>
   </datafield>
   <datafield ind2=" " ind1=" " tag="720">
      <subfield code="a">Urbiztondo, Luis</subfield>
      <subfield code="e">author</subfield>
   </datafield>
   <datafield ind2=" " ind1=" " tag="720">
      <subfield code="a">Cabezas, Carmen</subfield>
      <subfield code="e">author</subfield>
   </datafield>
   <datafield ind2=" " ind1=" " tag="720">
      <subfield code="a">Bosch José, Francesc Xavier, 1947-</subfield>
      <subfield code="e">author</subfield>
   </datafield>
   <datafield ind2=" " ind1=" " tag="720">
      <subfield code="a">Sanjosé Llongueras, Silvia de</subfield>
      <subfield code="e">author</subfield>
   </datafield>
   <datafield ind2=" " ind1=" " tag="720">
      <subfield code="a">Bruni, Laia</subfield>
      <subfield code="e">author</subfield>
   </datafield>
   <datafield ind2=" " ind1=" " tag="260">
      <subfield code="c">2021-03-03T11:41:15Z</subfield>
   </datafield>
   <datafield ind2=" " ind1=" " tag="260">
      <subfield code="c">2021-03-03T11:41:15Z</subfield>
   </datafield>
   <datafield ind2=" " ind1=" " tag="260">
      <subfield code="c">2020-09-01</subfield>
   </datafield>
   <datafield ind2=" " ind1=" " tag="260">
      <subfield code="c">2021-03-02T10:26:25Z</subfield>
   </datafield>
   <datafield ind2=" " ind1=" " tag="520">
      <subfield code="a">Extensive multiple-age cohort human papillomavirus (HPV) vaccination has proved to be highly effective. We aimed to determine the 8-year population impact of a female single-age cohort HPV vaccination programme on the incidence of anogenital warts (AGW). In 2008, Catalonia initiated a school-based quadrivalent HPV vaccination programme targeting 11-year-old girls, achieving coverage over 80%. Data on diagnoses of AGW and genital herpes were obtained from a population-based database of electronic health records covering 74% of the population. The annual incidence rates from 2009 to 2016 were calculated, stratified by age and sex using Joinpoint regression to estimate trends and annual percentage changes (APC). Among women aged 16-19 years, the AGW incidence decreased by 61% from 2012 to 2016 (APC -19.4%; 95% CI: -30.0 to -7.3). In contrast, the incidence of genital herpes in same-aged women increased throughout the study period (APC 11.1%; 95% CI: 7.2-15.2). Among men aged 20-22 years, the increasing incidence of AGW shifted to a downward trend in 2013 (APC 2009-2013: 17.0%; 95% CI: 8.2-26.5; and APC 2013-2016: -4.5%; 95% CI: -14.6 to 6.9). A similar pattern was observed among men aged 23-25 years (APC 2009-2014: 16.0%; 95% CI: 12.0-20.2; and APC 2014-2016: -6.0%; 95% CI: -18.4 to 8.3). In contrast to AGW, among men aged 20-25 years, the incidence of genital herpes increased over this period. Our study strongly suggests that a single-cohort HPV vaccination strategy with high vaccine uptake not only provides direct benefit in the vaccinated cohort</subfield>
   </datafield>
   <datafield tag="653" ind2=" " ind1=" ">
      <subfield code="a">Vacuna del papil·lomavirus</subfield>
   </datafield>
   <datafield tag="653" ind2=" " ind1=" ">
      <subfield code="a">Papillomavirus vaccines</subfield>
   </datafield>
   <datafield ind2="0" ind1="0" tag="245">
      <subfield code="a">Impact of a single-age cohort human papillomavirus vaccination strategy in Catalonia, Spain: Population-based analysis of anogenital warts in men and women</subfield>
   </datafield>
</record></metadata></record></GetRecord></OAI-PMH>